000
00294nam a22001337a 4500
008
170609b xxu||||| |||| 00| 0 eng d
020
_a
9781565490574
041
_a
eng
080
_2
3RD
_a
94
100
_a
18
101
_a
SHH
245
_a
MULTI-TRACK DIPLOMACY
_c
DIAMOND,L
942
_2
udc
_c
BK
999
_c
16782
_d
16782